000 01492nam0a2200325 i 4500
001 RU\NLR\BIBL_A\011322040
005 20260408154152.0
010 _a9785940674368
_9120
021 _aRU
_b2017-7
_91
035 _a(NLR Aleph) 011322040
090 _a11084300
_c11084300
100 _a20170207d2015 k y0rusy50 ca
101 0 _arus
102 _aRU
105 _ay z 00zy
200 1 _aЧерная Африка и Европа: к проблеме встречи культур в колониальную эпоху
_fА. С. Балезин
_gРос. акад. наук, Ин-т всеобщ. истории, Центр африкан. исслед.
210 _aМосква
_cИВИ РАН
_d2015
215 _a220 с.
_d21
300 _aНа 4-й с. обл. авт.: Балезин А. С., д.ист.н., проф.
320 _aБиблиогр: с. 205-216 и в подстроч. примеч.
320 _aДр. кн. авт. на 4-й с. обл.
517 1 _aК проблеме встречи культур в колониальную эпоху
607 _aЕвропейские страны
_xКолониальная политика
_yАфриканские страны
_3RU\NLR\AUTH\6695431
_91064962
686 1 _aТ3(0)5-69
686 1 _aТ3(6)0-5
700 1 _aБалезин
_bА. С.
_f1952-
_gАлександр Степанович
_9128792
_3RU\NLR\AUTH\770128823
942 _cBOOK
980 _aNBR